| 000 | 01236nam a22002657a 4500 | ||
|---|---|---|---|
| 005 | 20170124103154.0 | ||
| 010 | _aB-157989 | ||
| 020 |
_c250.00 _a8187775297 |
||
| 035 | _aB-157989 | ||
| 037 | _bCen Lib/Ret | ||
| 040 |
_aDPL _bHN |
||
| 082 |
_a920 _bत्रिपाठी |
||
| 100 |
_aत्रिपाठी, कन्हैया _940 |
||
| 245 |
_aसतह से शिखर तक : _cकन्हैया त्रिपाठी _bभारत के राष्ट्रपति / |
||
| 246 |
_aSatah se shikhar tak : bharat ke rashtrapati / _bby Kanhiya Tripathi |
||
| 260 |
_aनई दिल्ली _bआकाशदीप पब्लिकेशन्स _c2004 |
||
| 270 |
_a1/1073 डी, महरौली _bनई दिल्ली _e110030 |
||
| 300 |
_a210पृ. _c21सेमी(सजिल्द) |
||
| 500 | _aअनुक्रमणिका शामिल | ||
| 650 |
_aहिन्दी साहित्य _989019 |
||
| 650 |
_aभारत के राष्ट्रपति--जीवनी _989020 |
||
| 650 |
_aHindi literature _989021 |
||
| 650 |
_aPresident of India--Biography _989022 |
||
| 942 |
_2ddc _cHN _h920 _mत्रिपाठी |
||
| 999 |
_c120181 _d120181 |
||